Statistics for Can you name all 211 FIFA(Soccer) members?

Click here to take the quiz!

General Stats

  • This quiz has been taken 456 times
    (442 since last reset)
  • The average score is 132 of 212

Answer Stats

ConfederationAnswer% Correct
China
84%
England
82%
Japan
82%
South AmericanArgentina
81%
USA
81%
Australia
80%
Brazil
80%
France
80%
Mexico
80%
South Korea
80%
Canada
79%
India
79%
EuropeBelgium
78%
Ireland
78%
North Korea
78%
Portugal
78%
Norway
77%
Spain
77%
Wales
77%
Chile
76%
Egypt
76%
Germany
76%
Iran
76%
Iraq
76%
Russia
76%
Uruguay
76%
Colombia
75%
Morocco
75%
Netherlands
75%
Saudi Arabia
75%
Sweden
75%
Denmark
74%
Italy
74%
Poland
74%
Scotland
74%
Austria
73%
Niger
73%
Paraguay
73%
Peru
73%
Qatar
73%
Turkey
73%
Ukraine
73%
Venezuela
73%
AsiaAfghanistan
72%
Indonesia
72%
South Africa
72%
AfricaAlgeria
71%
Bolivia
71%
Croatia
71%
Finland
71%
Greece
71%
Honduras
71%
Iceland
71%
New Zealand
71%
San Marino
71%
Serbia
71%
Ecuador
70%
Hungary
70%
Nigeria
70%
Northern Ireland
70%
Oman
70%
Panama
70%
Andorra
69%
Bulgaria
69%
Cameroon
69%
Cuba
69%
Ghana
69%
Jamaica
69%
Pakistan
69%
Romania
69%
Senegal
69%
Slovakia
69%
Switzerland
69%
Thailand
69%
Vietnam
69%
Yemen
69%
Albania
68%
Congo
68%
Costa Rica
68%
Israel
68%
Latvia
68%
Slovenia
68%
Armenia
67%
Haiti
67%
Jordan
67%
Syria
67%
Turkmenistan
67%
Angola
66%
Belarus
66%
Lithuania
66%
Malaysia
66%
Uzbekistan
66%
Czech Republic
65%
Dominica
65%
Estonia
65%
Luxembourg
65%
Mali
65%
Azerbaijan
64%
Bangladesh
64%
Ivory Coast
64%
Kuwait
64%
Laos
64%
Montenegro
64%
Sudan
64%
Cambodia
63%
Georgia
63%
Kazakhstan
63%
Kosovo
63%
Libya
63%
Macedonia
63%
Malta
63%
Mongolia
63%
Nepal
63%
Tunisia
63%
Zimbabwe
63%
Bahrain
62%
Cyprus
62%
Guatemala
62%
Lebanon
62%
Moldova
62%
Nicaragua
62%
Zambia
62%
Bhutan
61%
Chad
61%
El Salvador
61%
Ethiopia
61%
Fiji
61%
Guinea
61%
Kenya
61%
Singapore
61%
Somalia
61%
Togo
61%
Bahamas
60%
Liberia
60%
South Sudan
60%
Trinidad and Tobago
60%
North/Central AmericaBelize
59%
Benin
59%
Botswana
59%
Brunei
59%
Dominican Republic
59%
Guyana
59%
Madagascar
59%
Namibia
58%
Uganda
58%
United Arab Emirates
58%
Eritrea
57%
Gambia
57%
Liechtenstein
57%
Maldives
57%
Myanmar
57%
Philippines
57%
Sri Lanka
57%
Suriname
57%
Tajikistan
57%
Tanzania
57%
Barbados
56%
Burkina Faso
56%
Gabon
56%
Lesotho
56%
Malawi
56%
Mauritania
56%
Mozambique
56%
Rwanda
56%
Burundi
55%
Djibouti
55%
Papua New Guinea
55%
Guinea Bissau
54%
Kyrgyzstan
54%
Palestine
54%
Samoa
54%
Central African Republic
53%
Equatorial Guinea
53%
Mauritius
53%
Sierra Leone
53%
Cape Verde
52%
Comoros
52%
East Timor
52%
Vanuatu
52%
Antigua and Barbuda
51%
Gibraltar
51%
Grenada
51%
Seychelles
51%
Tonga
51%
Solomon Islands
50%
Faroe Islands
49%
Hong Kong
47%
Swaziland
46%
Curacao
45%
Guam
45%
Saint Lucia
45%
Aruba
43%
Bermuda
43%
Puerto Rico
43%
Saint Kitts and Nevis
43%
British Virgin Islands
42%
Sao Tome and Principe
42%
OceaniaAmerican Samoa
41%
US Virgin Islands
39%
Chinese Taipei
38%
Macau
38%
New Caledonia
38%
Tahiti
38%
CaribbeanAnguilla
37%
Saint Vincent and the Grenadines
37%
Bosnia-Herzegovina
36%
Cook Islands
35%
Cayman Islands
33%
Montserrat
33%
DR Congo
32%
Turks and Caicos Islands
26%
Northern Mariana Islands
20%

Score Distribution

Percentile by Number Answered

Percent of People with Each Score

Your Score History

You have not taken this quiz since the last reset